[Event "Madrid Oliver Gonzalez Memorial-B 3rd"]
[Site "Madrid"]
[Date "2012.09.09"]
[Round "9"]
[White "Martinez Pastor, Francisco"]
[Black "Penaranda Grilo, Juan Carlos"]
[Result "1/2-1/2"]
[WhiteElo "1602"]
[BlackElo "1900"]
[PlyCount "52"]
[EventDate "2012.09.01"]
[EventType "swiss"]
[EventRounds "9"]
[EventCountry "ESP"]
[SourceTitle "CBM 150 Extra"]
[Source "ChessBase"]
[SourceDate "2012.10.19"]
[SourceVersion "1"]
[SourceVersionDate "2012.10.19"]
[SourceQuality "1"]

1. b4 e5 2. Bb2 Bxb4 3. Bxe5 Nf6 4. c3 Ba5 5. Nf3 0-0 6. g3 Nc6 7. Bxf6 Qxf6 8. Bg2 d5 9. 0-0 Re8 10. Na3 Bg4 11. Re1 Rad8 12. Nc2 Bb6 13. d4 Bh5 14. a3 Bg6 15. Nb4 Nxb4 16. axb4 Qc6 17. Qb3 f6 18. Nd2 Kh8 19. e3 Qd7 20. c4 dxc4 21. Nxc4 Bf7 22. Nxb6 axb6 23. Qc3 c6 24. Ra7 f5 25. b5 Bd5 26. Bxd5 cxd5 1/2-1/2

[Event "Madrid Oliver Gonzalez Memorial 2nd"]
[Site "Madrid"]
[Date "2011.10.12"]
[Round "5"]
[White "Penaranda Grilo, Juan Carlos"]
[Black "Martinez Miura, Enrique"]
[Result "1/2-1/2"]
[WhiteElo "1889"]
[BlackElo "1713"]
[PlyCount "69"]
[EventDate "2011.10.08"]
[EventType "swiss"]
[EventRounds "9"]
[EventCountry "ESP"]
[SourceTitle "CBM 144 Extra"]
[Source "ChessBase"]
[SourceDate "2011.10.28"]
[SourceVersion "1"]
[SourceVersionDate "2011.10.28"]
[SourceQuality "1"]

1. d4 e6 2. Nf3 d5 3. Bf4 Nf6 4. e3 Be7 5. c4 c6 6. Nc3 0-0 7. Qc2 Nbd7 8. Rc1 Nb6 9. c5 Nbd7 10. Bd3 b5 11. cxb6 axb6 12. 0-0 h6 13. h3 Ba6 14. a3 Bxd3 15. Qxd3 Ra5 16. e4 dxe4 17. Nxe4 Nxe4 18. Qxe4 c5 19. Rfd1 Nf6 20. Qb7 Nd5 21. Bg3 Qc8 22. Qxc8 Rxc8 23. Ne5 Raa8 24. dxc5 Bxc5 25. Nd3 Be7 26. Nf4 Nxf4 27. Bxf4 Bf6 28. Rxc8+ Rxc8 29. Rd2 Rc1+ 30. Kh2 Rc4 31. Bd6 Rc6 32. Bb4 Be5+ 33. g3 g6 34. Kg2 g5 35. g4 1/2-1/2

[Event "La Pobla de Lillet op 21st"]
[Site "La Pobla de Lillet"]
[Date "2011.08.02"]
[Round "1"]
[White "Korneev, Oleg"]
[Black "Penaranda Grilo, Juan Carlos"]
[Result "1-0"]
[WhiteElo "2588"]
[BlackElo "1874"]
[PlyCount "61"]
[EventDate "2011.08.02"]
[EventType "swiss"]
[EventRounds "9"]
[EventCountry "ESP"]
[SourceTitle "EXT 2015"]
[Source "ChessBase"]
[SourceDate "2014.11.20"]
[SourceVersion "1"]
[SourceVersionDate "2014.11.20"]
[SourceQuality "1"]

1. e4 c6 2. c4 d5 3. exd5 cxd5 4. cxd5 Nf6 5. Nc3 Nxd5 6. Nf3 Nc6 7. d4 e6 8. Bc4 Nb6 9. Bb3 Bb4 10. 0-0 Bxc3 11. bxc3 0-0 12. Qd3 Nd5 13. Bc2 g6 14. h4 e5 15. dxe5 Bf5 16. Qe2 Bxc2 17. Qxc2 Qc7 18. Ba3 Rfe8 19. Bd6 Qa5 20. c4 Nde7 21. c5 Nf5 22. Rab1 Qa6 23. Rfe1 Nxd6 24. cxd6 Rad8 25. Qb3 b6 26. e6 fxe6 27. Rxe6 Rxe6 28. Qxe6+ Kg7 29. Ne5 Nxe5 30. Qxe5+ Kg8 31. Qe6+ 1-0

[Event "Madrid Villaverde op 13th"]
[Site "Madrid"]
[Date "2010.06.30"]
[Round "3"]
[White "Penaranda Grilo, Juan Carlos"]
[Black "Takvor Mena, Samuel"]
[Result "1-0"]
[WhiteElo "1921"]
[BlackElo "1647"]
[PlyCount "51"]
[EventDate "2010.06.28"]
[EventType "swiss"]
[EventRounds "9"]
[EventCountry "ESP"]
[SourceTitle "EXT 2011"]
[Source "ChessBase"]
[SourceDate "2010.11.26"]
[SourceVersion "1"]
[SourceVersionDate "2010.11.26"]
[SourceQuality "1"]

1. d4 d5 2. c4 e6 3. Nc3 c6 4. Nf3 Nf6 5. Bg5 Nbd7 6. e3 Be7 7. Rc1 0-0 8. Bd3 Re8 9. 0-0 Nf8 10. Re1 Ng6 11. Nh4 Nd7 12. Bxe7 Qxe7 13. Nf3 Nf6 14. b3 e5 15. Bxg6 e4 16. Bxh7+ Kxh7 17. Ne5 Qe6 18. cxd5 cxd5 19. Nb5 Qf5 20. Nd6 Qg5 21. Nxe8 Nxe8 22. f4 Qh4 23. Qc2 Bf5 24. Qf2 Qh6 25. Qg3 Nf6 26. Rc7 1-0

[Event "Madrid-ch Previa-B"]
[Site "Madrid"]
[Date "2008.11.28"]
[Round "8"]
[White "Penaranda Grilo, Juan Carlos"]
[Black "De Armentia Roldan, Benigno"]
[Result "1-0"]
[WhiteElo "1930"]
[BlackElo "1870"]
[PlyCount "65"]
[EventDate "2008.11.06"]
[EventType "swiss"]
[EventRounds "9"]
[EventCountry "ESP"]
[SourceTitle "CBM 127 Extra"]
[Source "ChessBase"]
[SourceDate "2009.01.08"]
[SourceVersion "2"]
[SourceVersionDate "2009.01.28"]
[SourceQuality "1"]

1. d4 Nf6 2. c4 g6 3. Nc3 d5 4. cxd5 Nxd5 5. e4 Nxc3 6. bxc3 Bg7 7. Bc4 c5 8. Ne2 0-0 9. 0-0 Nc6 10. Be3 Bg4 11. f3 Na5 12. Bxf7+ Rxf7 13. fxg4 Rxf1+ 14. Kxf1 cxd4 15. cxd4 e5 16. d5 Nc4 17. Qd3 b5 18. Rb1 Qa5 19. Nc3 Nxe3+ 20. Qxe3 b4 21. Ne2 Bf8 22. Qb3 Bd6 23. Kg1 Qc5+ 24. Kh1 Rc8 25. h3 Qc2 26. Rc1 Qxe2 27. Rxc8+ Kg7 28. Rc6 Be7 29. Rc7 Kf8 30. Qf3+ Qxf3 31. gxf3 a5 32. Rc8+ Kf7 33. Ra8 1-0

[Event "Madrid-ch Previa-B"]
[Site "Madrid"]
[Date "2008.11.14"]
[Round "4"]
[White "Penaranda Grilo, Juan Carlos"]
[Black "Rojas Pozo, Jose Luis"]
[Result "0-1"]
[WhiteElo "1930"]
[BlackElo "1897"]
[PlyCount "100"]
[EventDate "2008.11.06"]
[EventType "swiss"]
[EventRounds "9"]
[EventCountry "ESP"]
[SourceTitle "CBM 127 Extra"]
[Source "ChessBase"]
[SourceDate "2009.01.08"]
[SourceVersion "2"]
[SourceVersionDate "2009.01.28"]
[SourceQuality "1"]

1. d4 d5 2. c4 e6 3. Nc3 Nf6 4. Bg5 Nbd7 5. e3 c6 6. Nf3 Qa5 7. Bxf6 Nxf6 8. a3 Ne4 9. Qc1 Nxc3 10. bxc3 Bd6 11. c5 Bc7 12. Bd3 b6 13. cxb6 axb6 14. 0-0 Ba6 15. c4 0-0 16. Qc2 Bxc4 17. Bxc4 dxc4 18. Qxc4 Rfc8 19. g3 Qa4 20. Rfc1 Qxc4 21. Rxc4 Bd6 22. Rac1 Bxa3 23. R1c3 c5 24. dxc5 Rxc5 25. Rxc5 bxc5 26. Ne5 f6 27. Nd3 Ra5 28. Kf1 Kf7 29. h4 e5 30. e4 Ke7 31. Ke2 Kd6 32. Rc4 Kc6 33. Kd2 Kb5 34. Rc2 c4 35. Nc1 Bxc1+ 36. Kxc1 Ra3 37. Kd2 Kb4 38. Rb2+ Rb3 39. Ra2 Rd3+ 40. Ke2 Kb3 41. Ra7 Kb2 42. Rxg7 Rd4 43. f3 c3 44. Rb7+ Kc1 45. Rxh7 Rd2+ 46. Ke1 Rb2 47. Rc7 c2 48. h5 Kb1 49. h6 c1Q+ 50. Rxc1+ Kxc1 0-1

[Event "Madrid-ch Previa-B"]
[Site "Madrid"]
[Date "2008.11.08"]
[Round "3"]
[White "Montanes Arribas, Adrian"]
[Black "Penaranda Grilo, Juan Carlos"]
[Result "1-0"]
[WhiteElo "2030"]
[BlackElo "1930"]
[PlyCount "85"]
[EventDate "2008.11.06"]
[EventType "swiss"]
[EventRounds "9"]
[EventCountry "ESP"]
[SourceTitle "CBM 127 Extra"]
[Source "ChessBase"]
[SourceDate "2009.01.08"]
[SourceVersion "2"]
[SourceVersionDate "2009.01.28"]
[SourceQuality "1"]

1. e4 c6 2. d4 d5 3. exd5 cxd5 4. c4 Nf6 5. Nc3 e6 6. Nf3 Be7 7. cxd5 Nxd5 8. Bd3 0-0 9. 0-0 Nc6 10. a3 Bf6 11. Bc2 Nxc3 12. bxc3 b6 13. Qd3 g6 14. Bh6 Re8 15. Nd2 Bg5 16. Bxg5 Qxg5 17. Ne4 Qd8 18. Rad1 Bb7 19. Qg3 Na5 20. h4 Bxe4 21. Bxe4 Rc8 22. Rd3 Nc4 23. h5 g5 24. d5 f5 25. dxe6 Qf6 26. Bd5 f4 27. Qh3 Ne5 28. Rd4 g4 29. Qh2 f3 30. Re1 Nc6 31. Rxg4+ Kh8 32. c4 fxg2 33. Qf4 Qc3 34. Re3 Qa1+ 35. Kxg2 Rf8 36. Qe4 Ne7 37. Qe5+ Qxe5 38. Rxe5 Rg8 39. Kg3 Rxg4+ 40. Kxg4 Rg8+ 41. Rg5 Rxg5+ 42. Kxg5 Kg7 43. h6+ 1-0

[Event "Galapagar op 09th"]
[Site "Galapagar"]
[Date "2008.07.24"]
[Round "6"]
[White "Lorite Cruz, Francisco"]
[Black "Penaranda Grilo, Juan Carlos"]
[Result "1-0"]
[WhiteElo "2108"]
[BlackElo "1961"]
[PlyCount "56"]
[EventDate "2008.07.19"]
[EventType "swiss"]
[EventRounds "9"]
[EventCountry "ESP"]
[SourceTitle "EXT 2009"]
[Source "ChessBase"]
[SourceDate "2008.11.26"]
[SourceVersion "1"]
[SourceVersionDate "2008.11.26"]
[SourceQuality "1"]

1. e4 c6 2. d4 d5 3. exd5 cxd5 4. c4 Nf6 5. Nc3 e6 6. Nf3 Bb4 7. Bd2 0-0 8. c5 b6 9. cxb6 Qxb6 10. Na4 Bxd2+ 11. Qxd2 Qc6 12. Nc5 Ne4 13. Nxe4 dxe4 14. Ne5 Qd6 15. Nc4 Qd5 16. Ne3 Qg5 17. Rc1 Ba6 18. Bxa6 Nxa6 19. 0-0 Qb5 20. a3 Rac8 21. b4 Nc7 22. Rc5 Qd7 23. Rfc1 Nb5 24. Qb2 Rcd8 25. d5 exd5 26. Rxd5 Qb7 27. Rcd1 Rxd5 28. Rxd5 Re8 1-0

[Event "Madrid op1"]
[Site "Madrid"]
[Date "2005.09.26"]
[Round "5"]
[White "Perez de Aranda, Leonardo Ivan"]
[Black "Penaranda Grilo, Juan Carlos"]
[Result "1-0"]
[WhiteElo "2151"]
[BlackElo "1836"]
[PlyCount "59"]
[EventDate "2005.09.22"]
[EventType "swiss"]
[EventRounds "9"]
[EventCountry "ESP"]
[SourceTitle "CBM 108 Extra"]
[Source "ChessBase"]
[SourceDate "2005.11.04"]
[SourceVersion "1"]
[SourceVersionDate "2005.11.04"]
[SourceQuality "1"]

1. e4 c6 2. d4 d5 3. exd5 cxd5 4. Bd3 Nf6 5. c3 Nc6 6. Bf4 Bg4 7. Qb3 Qd7 8. Nd2 e6 9. Ngf3 Nh5 10. Ne5 Qc8 11. Be3 Nf6 12. c4 Nxe5 13. dxe5 Nd7 14. cxd5 exd5 15. Qxd5 Be6 16. Qe4 g6 17. 0-0 Bg7 18. Nc4 Bxc4 19. Bxc4 0-0 20. Rac1 Qe8 21. f4 b6 22. Bb5 Qe7 23. Qb7 Rfd8 24. Rc7 Rab8 25. Qxa7 Ra8 26. Qb7 Rab8 27. Qc6 Nxe5 28. Rxe7 Nxc6 29. Bxc6 Bxb2 30. f5 1-0